LEADER 04467oam 22010094 450 001 9910788415203321 005 20230828232701.0 010 $a1-4623-7703-3 010 $a1-4527-1078-3 010 $a1-283-51174-6 010 $a9786613824196 010 $a1-4519-0955-1 024 7 $a10.1596/1813-9450-3954 035 $a(CKB)3360000000443413 035 $a(EBL)3014457 035 $a(SSID)ssj0000940064 035 $a(PQKBManifestationID)11479994 035 $a(PQKBTitleCode)TC0000940064 035 $a(PQKBWorkID)10948641 035 $a(PQKB)10748197 035 $a(OCoLC)694141123 035 $a(MiAaPQ)EBC3014457 035 $a(IMF)WPIEE2006242 035 $a(EXLCZ)993360000000443413 100 $a20020129d2006 uf 0 101 0 $aeng 135 $aur|n|---||||| 181 $ctxt 182 $cc 183 $acr 200 10$aBanking on the Principles : $eCompliance with Basel Core Principles and Bank Soundness /$fEnrica Detragiache, Thierry Tressel, Asli Demirgüç-Kunt 210 1$aWashington, D.C. :$cInternational Monetary Fund,$d2006. 215 $a1 online resource (35 p.) 225 1 $aIMF Working Papers 300 $a"October 2006." 311 $a1-4518-6502-3 320 $aIncludes bibliographical references. 327 $a""Contents""; ""I. INTRODUCTION""; ""II. LITERATURE REVIEW""; ""III. METHODOLOGY AND DATA""; ""IV. THE RESULTS""; ""V. CONCLUSIONS""; ""References"" 330 3 $aThis paper studies whether compliance with the Basel Core Principles for Effective Banking Supervision (BCPs) improves bank soundness. The authors find a significant and positive relationship between bank soundness (measured with Moody's financial strength ratings) and compliance with principles related to information provision2. Specifically, countries that require banks to regularly and accurately report their financial data to regulators and market participants have sounder banks. This relationship is robust to controlling for broad indexes of institutional quality, macroeconomic variables, sovereign ratings, and reverse causality. Measuring soundness through Z-scores yields similar results. These findings emphasize the importance of transparency in making supervisory processes effective and strengthening market discipline. Countries aiming to upgrade banking regulation and supervision should consider giving priority to information provision over other elements of the core principles. 410 0$aIMF Working Papers; Working Paper ;$vNo. 2006/242 606 $aBanks and banking$xState supervision 606 $aBanks and Banking$2imf 606 $aFinance: General$2imf 606 $aGeneral Financial Markets: Government Policy and Regulation$2imf 606 $aBanks$2imf 606 $aDepository Institutions$2imf 606 $aMicro Finance Institutions$2imf 606 $aMortgages$2imf 606 $aFinancial Institutions and Services: Government Policy and Regulation$2imf 606 $aFinancial services law & regulation$2imf 606 $aBanking$2imf 606 $aFinance$2imf 606 $aBank soundness$2imf 606 $aBasel Core Principles$2imf 606 $aBank supervision$2imf 606 $aBank regulation$2imf 606 $aBanks and banking$2imf 606 $aState supervision$2imf 607 $aHong Kong Special Administrative Region, People's Republic of China$2imf 615 0$aBanks and banking$xState supervision. 615 7$aBanks and Banking 615 7$aFinance: General 615 7$aGeneral Financial Markets: Government Policy and Regulation 615 7$aBanks 615 7$aDepository Institutions 615 7$aMicro Finance Institutions 615 7$aMortgages 615 7$aFinancial Institutions and Services: Government Policy and Regulation 615 7$aFinancial services law & regulation 615 7$aBanking 615 7$aFinance 615 7$aBank soundness 615 7$aBasel Core Principles 615 7$aBank supervision 615 7$aBank regulation 615 7$aBanks and banking 615 7$aState supervision 700 $aDetragiache$b Enrica$0120810 701 $aTressel$b Thierry$01463685 701 $aDemirgüç-Kunt$b Asli$01421879 712 02$aIMF Institute. 712 02$aWorld Bank. 801 0$bDcWaIMF 906 $aBOOK 912 $a9910788415203321 996 $aBanking on the Principles$93802288 997 $aUNINA LEADER 01906nas 22006135- 450 001 9910892822403321 005 20260218110801.0 035 $a(CKB)954927668257 035 $a(CONSER)ce-75073047- 035 $a(DE-599)ZDB2897879-1 035 $a(DE-599)2897879-1 035 $a(EXLCZ)99954927668257 100 $a20760115b19751991 -a- a 101 0 $aeng 181 $ctxt$2rdacontent 182 $cc$2rdamedia 183 $acr$2rdacarrier 200 10$aCanada diseases weekly report$eRapport hebdomadaire des maladies au Canada 210 $aOttawa$cBureau of Epidemiology, Laboratory Centre for Disease Control 215 $a1 online resource 311 08$aPrint version: Canada diseases weekly report. 0382-232X (DLC)ce 75073047 (OCoLC)2248870 517 3 $aRapport hebdomadaire des maladies au Canada 531 $aCAN DIS WKLY REP 531 0 $aCan. dis. wkly. rep. 606 $aDiseases$zCanada$vPeriodicals 606 $aCommunicable diseases 606 $aEpidemiology 606 $aCommunicable Disease Control 606 $aCommunicable Diseases 606 $aEpidemiology 606 $aMaladies$zCanada$vPériodiques 606 $aMaladies infectieuses 606 $aÉpidémiologie 606 $aDiseases$2fast$3(OCoLC)fst00895158 607 $aCanada 607 $aCanada$2fast 608 $aPeriodical. 608 $aPeriodicals.$2fast 615 0$aDiseases 615 0$aCommunicable diseases. 615 0$aEpidemiology. 615 2$aCommunicable Disease Control. 615 2$aCommunicable Diseases. 615 2$aEpidemiology. 615 6$aMaladies 615 6$aMaladies infectieuses. 615 6$aÉpidémiologie. 615 7$aDiseases. 676 $a614.4/271 906 $aJOURNAL 912 $a9910892822403321 920 $aexl_impl conversion 996 $aCanada diseases weekly report$94260161 997 $aUNINA